000 00627nam a2200217 i 4500
001 C2-0282921
003 PPAK
005 20180728013151.0
008 071105s1974 my a|||| ||||| | may d
040 _aPPAK
_beng
_cPPAK
_erda
082 0 4 _a959.5
_223
090 0 0 _a959.5
_bTEM
_dKWI
245 0 0 _aTempat-tempat bersejarah di Semenanjung Malaysia
264 1 _aKuala Lumpur :
_bPersatuan Sejarah Malaysia ,
_c1974
300 _a24 pages :
_billustrations ;
_c24 cm
336 _2rdacontent
_atext
337 _2rdamedia
_aunmediated
338 _2rdacarrier
_avolume
650 1 0 _aMalaysia - history place
942 _ddc
_cB
999 _c89128
_d89128